000 00604nam a2200205 i 4500
001 87135
003 ES-MaACL
005 20230906175612.0
007 t|
008 041220s1986 sp ||||1| spa d
020 _a84-86251-43-5
100 1 _aKowalski, Robert.
_968684
245 1 0 _aLógica, programación e inteligencia artificial /
_cRobert Kowalski ; [traductor, A. Calle].
250 _a1ª ed.
260 _aMadrid :
_bDíaz de Santos,
_c1986.
300 _a412 p. ;
_c22 cm.
504 _aBibliografía: p. 348-371.
700 1 _aCalle, A.
_933691
852 _aES-MaACL
_jL-11102
_bR.1125810
999 _c87135
_d87135